Bienvenue au Catalogue en Ligne des Bibliothèques de l'Universite du Burundi

Normal view MARC view

Entry Topical Term

Number of records used in: 1

001 - CONTROL NUMBER

  • control field: 123399

003 - CONTROL NUMBER IDENTIFIER

  • control field: BI-BuBU

005 - DATE AND TIME OF LATEST TRANSACTION

  • control field: 20151228114753.0

008 - FIXED-LENGTH DATA ELEMENTS

  • fixed length control field: 151228|||a|||||| | ||| d

040 ## - CATALOGING SOURCE

  • Original cataloging agency: BI-BuBU
  • Transcribing agency: BI-BuBU

150 ## - HEADING--TOPICAL TERM

  • Topical term or geographic name as entry element: Croissance économique.
  • Geographic subdivision: Etats-Unis d'Amérique.

670 ## - SOURCE DATA FOUND

  • Source citation: Work cat.: (BI-BuBU): aut Heilbroner,Robert L. 123398, The making of economy society, 1972

670 ## - SOURCE DATA FOUND

  • Source citation: Work cat.: (BI-BuBU): aut Heilbroner,Robert L. 123398, The making of economy society, 1972
© 2019-2026 - Bibliothèques de l'Université du Burundi |Tous droits réservés
home | Pour toute information urgente Contactez nous | tel whatsupp: +25779204313